1036 1450 1376 1918 1985 1325 1105 1233 1224 1126 1704 1201 1858 1953 1933 1053 1917 1513 1357 1874 1283 1894 1870 1273 1775 1361 1635 1658 1770 1686 1866 1672 1242 1073 1615 1941 1147 1286 1962 1111 1960 1216 1034 1088 1485 1507 1512 1132 1362 1353 1153 1874 1127 1317 1720 1826 1900 1274 1917 1738 1135 1752 1423 1402 1089 1763 1047 1543 1797 1263 1288 1195 1131 1121 1832 1449 1105 1615 1085 1314 1771 1418 1713 1994 1821 1025 1346 1296 1690 1525 1278 1489 1175 1912 1120 1436 1301 1710 1815 BCNSPRNW ULIB Ver.6.0+V

เปลี่ยนเป็นภาษาไทย

Change to English
 แสดงรายละเอียดบรรณานุกรม
  กลับหน้าหลัก

Brief Record : Get Marc (ISO 2709) : E-mail record : QR code < ปิดหน้าต่าง
LEADER : 00000nam 2200000uu 4500
001    13399112570
003     ULIB
008    110825s2548||||th 000 0 tha d
050  4 HQ1064.T5^bส598พ 2548
245 00 พระราชบัญญัติผู้สูงอายุ พ.ศ. 2546 /^cสำนักส่งเสริมและพิทักษ์ผู้สูงอายุ สำนักงานส่งเสริมสวัสดิภาพและพิทักษ์เด็ก เยาวชนผู้ด้อยโอกาส คนพิการ และผู้สูงอายุ กระทรวงการพัฒนาสังคมและความมั่นคงของมนุษย์
250    พิมพ์ครั้งที่ 1
260    กรุงเทพฯ :^bสำนักส่งเสริมและพิทักษ์ผู้สูงอายุ สำนักงานส่งเสริมสวัสดิภาพและพิทักษ์เด็ก เยาวชนผู้ด้อยโอกาส คนพิการ และผู้สูงอายุ,^c2548
300    13 หน้า ;^c21 ซม.
650  4 ผู้สูงอายุ^xกฎหมายและระเบียบข้อบังคับ
650  4 ผู้สูงอายุ^xการสงเคราะห์
650  4 ผู้สูงอายุ^xนโยบายของรัฐ
650  4 ผู้สูงอายุ^xสถานภาพทางกฎหมาย^zไทย
650  4 พระราชบัญญัติผู้สูงอายุ
710 2  สำนักงานส่งเสริมสวัสดิภาพและพิทักษ์เด็ก เยาวชนผู้ด้อยโอกาส คนพิการ และผู้สูอายุ. ^bสำนักส่งเสริมและพิทักษ์ผู้สูงอายุ
945    ^p0^l0^i018328
995    ทศพร
999 ^a ใช้งานได้ทุกระบบ
รายการนี้ยังไม่มีแท็ก
คุณยังไม่ได้ล็อกอิน คุณสามารถมีกิจกรรมร่วมกับเว็บไซต์ได้ แต่ต้องล็อกอินก่อน ::
  ล็อกอิน

รายการสื่อสารสนเทศ

ลำดับที่ ประเภท เลขเรียก/บาร์โค้ด สถานที่ สถานะ
- ไม่พบข้อมูล -

BibComment


ยังไม่เคยถูกคอมเมนท์

คอมเมนท์ทรัพยากรรายการนี้
  คอมเมนท์: พระราชบัญญัติผู้ส..


 Copyright 2026. Bcnsprnw @Library